Harry Potter character family trees Quiz Stats

 Plays Quiz not verified by Sporcle

Challenge
Share
Tweet
Embed
Score 0/13 Timer 03:00
0 Plays Today
Hint Answer % Correct
Who is the oldest brother of Ginny Weasley?Bill
98.1%
Which parent of Harry's did Voldemort kill first?James Potter
89.2%
Hugo Weasley is what relation to Hermione?Son
88.5%
Bellatrix Lestrange, Andromeda Tonks, and Narcissa Malfoy are what relation to each other?Sisters
87.3%
Nymphadora Tonks is related to Sirius Black on what side of her family?Mother
80%
Where did both Harry's family and Dumbledore's families live?Godric's Hollow
78.1%
Who is Rowena Ravenclaw's daughter?Helena Ravenclaw
77.2%
Who is Harry's godson?Teddy Lupin
72.7%
Who is Harry forced to call Aunt?Marjorie Dursley
69.4%
Who is the elder daughter of Fleur?Victoire Weasley
64.6%
What is Aberforth Dumbledore's brother's full name?Albus Percival Wulfric Brian Dumbledore
56.5%
Harry and Voldemort are related through which family?Peverell family
56.2%
What town does the Weasley family live in?Ottery St. Catchpole
33.8%

You're not logged in!

Compare scores with friends on all Sporcle quizzes.
Join for Free
OR
Log In

You Might Also Like...

Show Comments

Extras

Top Quizzes Today


Score Distribution

Your Account Isn't Verified!

In order to create a playlist on Sporcle, you need to verify the email address you used during registration. Go to your Sporcle Settings to finish the process.

Report this User

Report this user for behavior that violates our Community Guidelines.

Details: